000 00448nam a22001817a 4500
005 20180717101533.0
008 160525b xxu||||| |||| 00| 0 eng d
020 _a978-81-7194-556-6
041 _aeng
082 _b4847
_a658.1511
100 _aGhosh, T.P.
_9521
245 _aFinancial Accounting for Managers
250 _a4th ed.
260 _aNew Delhi
_bAcademic Faundation
300 _a732p,
650 _aManagement
_9241
942 _cBK
999 _c1676
_d1675